00634pab a2200193 454500008004000000100002400040245009300064260000900157300001300166362000800179650001900187700002100206700003100227773004500258908000600303909001000309999001700319952010400336180718b2007 xxu||||| |||| 00| 0 eng d aRatcliffe, Caroline aWelfare program performance: an analysis of South Carolina's family Independence program c2007 ap.65-90. aMar aSocial welfare aSharkey, Patrick aNightingale, Demetra Smith aAmerican Review of Public Administration aN a75205 c75205d75205 00104070aIIPAbIIPAd2018-07-19hVolume no: 37, Issue no: 1pAR75665r2018-07-19w2018-07-19yAR